LEADER 02866oam 2200529 450 001 996465456703316 005 20210523153850.0 010 $a3-030-64466-9 024 7 $a10.1007/978-3-030-64466-6 035 $a(CKB)4100000011610150 035 $a(MiAaPQ)EBC6413379 035 $a(DE-He213)978-3-030-64466-6 035 $a(PPN)252507991 035 $a(EXLCZ)994100000011610150 100 $a20210523d2020 uy 0 101 0 $aeng 135 $aurnn|008mamaa 181 $ctxt$2rdacontent 182 $cc$2rdamedia 183 $acr$2rdacarrier 200 00$aEnterprise applications, markets and services in the finance industry $e10th International workshop, FinanceCom 2020, Helsinki, Finland, August 18, 2020, revised selected papers /$fedited by Benjamin Clapham, Jascha-Alexander Koch 205 $a1st ed. 2020. 210 1$aCham, Switzerland :$cSpringer,$d[2020] 210 4$d©2020 215 $a1 online resource (XI, 117 p. 27 illus., 3 illus. in color.) 225 1 $aLecture Notes in Business Information Processing,$x1865-1348 ;$v401 300 $aIncludes index. 311 $a3-030-64465-0 327 $aMachine Learning Applications in Trading and Financial Markets -- Fraud Detection and Information Generation in Finance -- Alternative Trading and Investment Offerings by FinTechs. 330 $aThis book constitutes the revised selected papers from the 10th International Workshop on Enterprise Applications, Markets and Services in the Finance Industry, FinanceCom 2020, held in Helsinki, Finland, in August 2020. Due to the COVID-19 pandemic the conference took place virtually. The 6 full papers presented together with 1 extended abstract in this volume were carefully reviewed and selected from a total of 14 submissions to the workshop.They are grouped in topical sections named Machine Learning Applications in Trading and Financial Markets, Fraud Detection and Information Generation in Finance, and Alternative Trading and Investment Offerings by FinTechs.The workshop spans multiple disciplines, including analytical, technical, service, economic, sociological and behavioral sciences. 410 0$aLecture Notes in Business Information Processing,$x1865-1348 ;$v401 606 $aFinance$xData processing$vCongresses 606 $aApplication software$xDevelopment$vCongresses 606 $aFinancial services industry$vCongresses 615 0$aFinance$xData processing 615 0$aApplication software$xDevelopment 615 0$aFinancial services industry 676 $a332.10684 702 $aKoch$b Jascha-Alexander 702 $aClapham$b Benjamin 801 0$bMiAaPQ 801 1$bMiAaPQ 801 2$bUtOrBLW 906 $aBOOK 912 $a996465456703316 996 $aEnterprise Applications, Markets and Services in the Finance Industry$91896372 997 $aUNISA LEADER 01429cam a2200289 i 4500 001 991003799229707536 008 080716s2001 it 001 0 ita 020 $a8883632028 035 $ab13753745-39ule_inst 040 $aSet. Economia$bita 082 $a332.632 100 1 $aMiglioli, Flavio$0343104 245 13$aIl planning della finanza personale :$binvestimento finanziario e assicurazioni : guida operativa per il consulente : con software di supporto alla pianificazione finanziaria /$cFlavio Miglioli, Gaetano Megale, Sergio Sorgi ; prefazione di Carlo Bagnasco 260 $aMilano :$bIl Sole 24 ore,$c2001 300 $axvii, 325 p. ;$c24 cm +$e1 CD-ROM 490 $aFinanza & mercati 650 04$aInvestimenti$xElaborazione elettronica dei dati 650 04$aPortafoglio$xGestione$xElaborazione elettronica dei dati 650 04$aRischi$xGestione$xElaborazione elettronica dei dati 700 1 $aMegale, Gaetano$eauthor$4http://id.loc.gov/vocabulary/relators/aut$0594308 700 1 $aSorgi, Sergio$eauthor$4http://id.loc.gov/vocabulary/relators/aut$0594527 907 $a.b13753745$b01-06-18$c16-07-08 912 $a991003799229707536 945 $aLE025 ECO 332.6 MIG01.02$g1$i2025000107892$lle025$nCatalogato 2018$o-$pE0.00$q-$rl$s- $t0$u4$v1$w4$x0$y.i14803239$z16-07-08 996 $aPlanning della finanza personale$91464591 997 $aUNISALENTO 998 $ale025$b16-07-08$cm$da $e-$fita$git $h3$i0